| 000 | 00994nam a22002537a 4500 | ||
|---|---|---|---|
| 005 | 20090513110123.0 | ||
| 008 | 090508t xxu||||| |||| 00| 0 eng d | ||
| 010 | _aENG-93496 | ||
| 020 |
_a0070248729 _c350.00 |
||
| 020 |
_a9780070248724 _c350.00 |
||
| 035 | _aEN-77029 | ||
| 037 | _bDBAD / PUB | ||
| 040 |
_adpl _bEnglish |
||
| 082 | _a004.0688 | ||
| 100 | _aVenkatesh, K. | ||
| 245 |
_aMarketing of information technology: _cby K. Venkatesh _bconcepts, products, services and intellectual property rights / |
||
| 260 |
_aNew Delhi _bTata McGraw-Hill Publishing _c2009 |
||
| 270 |
_a7 West Patel Nagar, _bNew Delhi _e110008 |
||
| 300 |
_axvi, 146p. _c22cm (pbk) |
||
| 500 | _aIncludes glossary | ||
| 650 |
_aInformation technology _xMarketing. |
||
| 942 |
_2ddc _cEN _mVEN _h004.0688 |
||
| 999 |
_c26285 _d26285 |
||